000 00286nam a2200121Ia 4500
008 190216s9999||||xx |||||||||||||| ||und||
100 _aPublishers
245 0 _aRangavataranam
260 _bKerala Bhasha Institute
_c1979
300 _a561p
650 _aMalayalam Nadakam
942 _cBK
999 _c26295
_d26295